Очерки по минералогии и геохимии

Sonraí bibleagrafaíochta
Príomhchruthaitheoir: Ферсман А. Е. Александр Евгеньевич
Údar corparáideach: Академия Наук СССР
Teanga:Rúisis
Foilsithe / Cruthaithe: Москва, Наука, 1977
Eagrán:2-е изд.
Sraith:Научно-популярная серия
Ábhair:
Formáid: LEABHAR
KOHA link:https://koha.lib.tpu.ru/cgi-bin/koha/opac-detail.pl?biblionumber=62792

MARC

LEADER 00000nam0a2200000 4500
001 62792
005 20231101212027.0
035 |a (RuTPU)RU\TPU\book\66610 
090 |a 62792 
100 |a 20040419d1977 km y0rusy50 ca 
101 0 |a rus 
102 |a RU 
105 |a a z 000zy 
200 1 |a Очерки по минералогии и геохимии  |f А. Е. Ферсман  |g Академия Наук СССР 
205 |a 2-е изд. 
210 |a Москва  |c Наука  |d 1977 
215 |a 192 с.  |c ил. 
225 1 |a Научно-популярная серия 
606 1 |a Минералогия  |2 stltpush  |3 (RuTPU)RU\TPU\subj\43907  |9 63333 
606 1 |a Геохимия  |2 stltpush  |3 (RuTPU)RU\TPU\subj\6296  |9 34219 
610 1 |a геология 
610 1 |a химия 
610 1 |a история 
675 |a 549  |v 3 
675 |a 550.4  |v 3 
700 1 |a Ферсман  |b А. Е.  |g Александр Евгеньевич 
712 0 2 |a Академия Наук СССР  |2 stltpush  |3 (RuTPU)RU\TPU\col\722 
801 1 |a RU  |b 63413507  |c 20040419  |g PSBO 
801 2 |a RU  |b 63413507  |c 20211213  |g PSBO 
942 |c BK